000 00293nam a2200109 4500
999 _c13070
_d13070
008 190207b ||||| |||| 00| 0 eng d
245 _a5-k join federalism forum.
260 _aDavao City
_bSun Star Davao
_cc2017
300 _apage 9.
650 0 _936735
_aFederal government.
942 _2ddc
_cPER